=LDR 00000nam 2200000 4500 =001 000268 =005 20250710123419 =035 ##$$a 0010-0725000103 =245 1#$$a Raju dan Sayur Mayur /$c Dolly Singh =100 #$$a Singh, Dolly =250 ##$$a Cetakan Pertama =300 ##$$a 10 hlm. : $b Ilus. ; $c 22,9 cm =856 ##$$a TBM As suhada =260 ##$$a Jakarta Timur :$b Badan Pengembangan dan Pembinaan Bahasa,$c 2024 =082 ##$$a 398.209 598 802 =084 ##$$a 398.209 598 802 SIN r =020 ##$$a 978-623-307-680-7 =650 #4$$a Cerita Anak Indonesia-Terjemahan =650 #4$$a Literasi-Bahan Bacaan